000 00280nam a22001337a 4500
008 170406b xxu||||| |||| 00| 0 eng d
020 _a036409550
041 _aeng
080 _a575
100 _a9
101 _aSHM
245 _aNEUROIMMUNOLOGY
_cBROCKES.J
942 _2udc
_cBK
999 _c9995
_d9995